| 000 | 00508nam a22001937a 4500 | ||
|---|---|---|---|
| 005 | 20260410102910.0 | ||
| 008 | 260410b |||||||| |||| 00| 0 eng d | ||
| 022 |
_2978-93-47492-72-3 _a240.00 |
||
| 040 | _aMAIN | ||
| 041 | _aasm | ||
| 082 |
_a307.72 _bBOR. |
||
| 100 | _aBora,Birinchi Kumar. | ||
| 245 |
_aGramya Samajtattwa (Rural Sociology) _cBy Birinchi Kumar Bora. |
||
| 250 | _a1st ed. | ||
| 260 |
_aJorhat: _bBidya Bhawan; _c2026. |
||
| 300 | _a232p. | ||
| 650 | _aSociology | ||
| 942 |
_2ddc _cBK |
||
| 999 |
_c16343 _d16343 |
||